Puisi jenaka

Bibliographic Details
Main Author: Amril Shah
Format: Book
Published: Selangor : Pustaka Tintamas , 2006
Series:Mari gembira berpuisi
Subjects:

MARC

LEADER 00000cam a2200000 7i4500
001 0000006860
005 20151222.0
008 070822
020 |a 983135155X(set) 
020 |a 9831351630 
090 0 0 |a JF   |b NS MAL (7575) 
100 0 |a Amril Shah 
245 1 0 |a Puisi jenaka   |c Amril Shah 
260 |a Selangor :   |b Pustaka Tintamas ,   |c 2006 
440 0 |a Mari gembira berpuisi 
500 |a Children ages 7-9 years old (orange) 
650 0 |a Children's poetry, Malay   |x Juvenile literature 
999 |a 0000917108   |b Book   |c Adult Collection   |e Cawangan Bukit Gambir 
999 |a 0000927621   |b Book   |c Children Collection   |e Cawangan Tangkak 
999 |a 0000927622   |b Book   |c Children Collection   |e Cawangan Tangkak 
999 |a 0000927623   |b Book   |c Children Collection   |e Cawangan Tangkak 
999 |a 0000987207   |b Book   |c Children Collection   |e Perbadanan Perpustakaan Awam Johor 
999 |a 0000987208   |b Book   |c Children Collection   |e Cawangan Segamat 
999 |a 0000987209   |b Book   |c Children Collection   |e Perbadanan Perpustakaan Awam Johor 
999 |a 0000987210   |b Book   |c Children Collection   |e Cawangan Sri Merlong 
999 |a 0001148414   |b Book   |c Children Collection   |e Cawangan Segamat 
999 |a 0001148417   |b Book   |c Children Collection   |e Cawangan Mersing